000 01479nam0a2200361 4500
001 RU\NLR\bibl\1004759
005 20260409064122.0
010 _a5-7260-1054-X
021 _aRU
_b2006-60142
_92988
021 _aRU
_b2006-86746
_94396
035 _a(nilc)RSL-KNO-002952436
035 _a(NLR Aleph) 000992431
090 _a527297
_c527297
100 _a20061006d2006 |||y0rusy50 ca
101 0 _arus
102 _aRU
105 _ay |||||||||
106 _ar
200 1 _aВодный кодекс Российской Федерации
210 _aМосква
_cЮридическая литература
_d2006
215 _a77,[1] с.
_d20
604 _171001$aРоссийская Федерация
_150011$aВодный кодекс$2nlr_sh2$3RU\NLR\AUTH\661263600
_aРоссийская Федерация
_tВодный кодекс
_92087437
_3RU\NLR\AUTH\661263600
610 0 _aГосударство и право. Юридические науки -- Земельное право -- Российская Федерация -- Водное право -- Кодекс
686 _aХ625.8-324
_2rubbk
686 _aХ625.8-324.9(2Р)
740 1 _aРоссийская Федерация
_tЗаконы
_iВодный кодекс
_3RU\NLR\AUTH\880379501
_9425399
801 0 _aRU
_bРКП
_c20061006
_grcr
801 1 _aRU
_bРГБ
_c20061006
801 2 _aRU
_bNLR
_c20061108
_grcr
942 _cBOOK
980 _aNB